000 00341nam a2200157Ia 4500
100 _aJhamb / L.C
942 _cBK
366 _f10
654 _apurchase management
245 _aA text book of Purchase Management
260 _bEverest Pub. House
_c1999
082 _a658.723
_bJHA
300 _a790
546 _aENGLISH
999 _c32992
_d32992